Alberto Pancorbo (Record no. 5233)

MARC details
000 - LÍDER
campo de control de longitud fija 00738nam a2200193Ia 4500
008 - ELEMENTOS DE DATOS DE LONGITUD FIJA - INFORMACIÓN GENERAL
campo de control de longitud fija 0000001994 mX a 0000000000spa00
090 ## - NÚMERO DE LLAMADA DE TIPO LC LOCALMENTE ASIGNADO (OCLC)
Número de clasificación (OCLC) (R) PSP00 P15a
100 1# - ENTRADA PRINCIPAL - NOMBRE PERSONAL
Nombre de la persona Pancorbo, Alberto
Fechas asociadas a un nombre 1956
245 10 - TÍTULO DECLARACIÓN
Título Alberto Pancorbo
Resto del título : exposición
260 ## - PUBLICACIÓN, DISTRIBUCIÓN
Lugar de publicación México : Praxis Arte Internacional
Fecha de publicación 1994
300 ## - DESCRIPCIÓN FÍSICA
Alcance [14] p.
Dimensiones / 30 cm.
500 ## - NOTA GENERAL
Nota general Exposición realizada en Praxis Arte Internacional, México, Mayo Junio, 1994 \ Con el patronazgo del maestro venezolano Jesús Rafael Soto (q.e.p.d.) \
600 00 - ENTRADA DE SUJETO AÑADIDO - NOMBRE PERSONAL
Nombre de la persona PANCORBO, ALBERTO, 1956/
Subdivisión general TRABAJOS PICTORICOS
650 14 - ENTRADA DE SUJETO AÑADIDO - TÉRMINO TÓPICO
Término tópico o elemento de entrada del nombre geográfico ARTE CONTEMPORANEO ESPAÑOL
650 14 - ENTRADA DE SUJETO AÑADIDO - TÉRMINO TÓPICO
Subdivisión general CATALOGOS
650 14 - ENTRADA DE SUJETO AÑADIDO - TÉRMINO TÓPICO
Subdivisión general EXPOSICIONES
650 14 - ENTRADA DE SUJETO AÑADIDO - TÉRMINO TÓPICO
Término tópico o elemento de entrada del nombre geográfico PINTORES ESPAÑOLES
650 14 - ENTRADA DE SUJETO AÑADIDO - TÉRMINO TÓPICO
Término tópico o elemento de entrada del nombre geográfico PINTURA ESPAÑOLA
Holdings
Estado de retirada Pérdida de estatus Estado dañado No para préstamo Código de recogida Ubicación permanente Ubicación actual Ubicación de las estanterías Fecha de adquisición Número de llamada completo Código de barras Fecha de la última vez que se vio Número de copia Precio efectivo desde Tipo de artículo Koha
        General ArtNexus ArtNexus General 06/09/2022 P-SP-00 P15A 5237 06/09/2022 Ej.1 06/09/2022 Libro

Powered by Koha